000 01007nam a2200301 i 4500
003 DO-SdBNP
005 20230717103130.0
007 ta
008 230717b2013 dr ||||| |||| 00| 0 spa d
040 _aDO-SdBNP
_bspa
_cBNPHU
_erda
082 4 _a343. 0977
_bR426L
_222
110 1 _aRepública Dominicana.
_9447
240 1 0 _a[Leyes, etc.]
245 1 0 _aLey de aviación civil de la República Dominicana :
_bnº. 491-06.
264 _aSanto Domingo :
_bIDAC,
_c2011.
300 _a238 páginas :
_c23 cm.
336 _2rdacontent
_atexto
_btxt
337 _2rdamedia
_asin mediación
_bn
338 _2rdacarrier
_avolumen
_bnc
590 _aInventariado, 2023/BT
650 4 _aAviación comercial
_xLegislación
_93256
650 4 _aAeropuertos
_xLegislación
_zRepública Dominicana
_911695
650 4 _aDerecho aéreo
_zRepública Dominicana
_911696
650 4 _aEspacio aéreo (derecho)
_911697
710 2 _aInstituto Dominicana de Aviación Civil
_964622
910 _aBtavárez
942 _2ddc
_cLBS1
999 _c54180
_d54180